|
|
|
|
| LEADER |
00000nab a2200000 ar4500 |
| 001 |
vtls009953390 |
| 003 |
SK-MaSNL |
| 005 |
20260303210831.0 |
| 008 |
090924c2009 xo zr|p|||||||000 b|slo |
| 015 |
|
|
|a SNBRB2009/09
|2 snkbucl
|
| 038 |
|
|
|a SNKBUCL
|
| 040 |
|
|
|a SNKBUCL
|b slo
|c SNKBUCL
|e AACR2
|
| 041 |
0 |
|
|a slo
|
| 044 |
|
|
|a xo
|c SK
|
| 080 |
|
|
|a 347.426.6:336.78
|2 2001
|
| 080 |
|
|
|a 336.78
|2 2001
|
| 080 |
|
|
|a 343.271
|2 2001
|
| 080 |
|
|
|a 347.728.7
|2 2001
|
| 100 |
1 |
|
|a Turóciová, Jana
|4 aut
|9 310666
|
| 245 |
1 |
0 |
|a Úroky z omeškania z obchodných vzťahov od 15. 1. 2009 (a tiež úroky, pokuty a penále)
|c Jana Turóciová
|
| 300 |
|
|
|b Tab.
|
| 650 |
0 |
7 |
|a úroky z omeškania
|2 snkbucl
|9 360721
|
| 650 |
0 |
7 |
|a pokuty
|2 snkbucl
|9 409822
|
| 650 |
0 |
7 |
|a penále
|2 snkbucl
|9 469763
|
| 650 |
0 |
7 |
|a obchodné právo
|2 snkbucl
|9 2216
|
| 773 |
0 |
|
|t Daňový a účtovný poradca podnikateľa
|g Č. 13 (2009), s. 65-87
|x 1335-0897
|
| 852 |
|
|
|a SNK
|b KIS3GCP
|
| 999 |
|
|
|c 2201994
|d 2203924
|